A pentoxiphyllin kezelés hatása az akut nekrotizáló pancreatitis indukálta citokin termelésre (TNF, IL-6) [absztrakt] /

Elmentve itt :
Bibliográfiai részletek
Szerző: Szász Zsuzsanna
Testületi szerző: Szent-Györgyi Albert Orvostudományi Egyetem : Házi Tudományos Diákköri Konferencia
Dokumentumtípus: Könyv része
Megjelent: Szent-Györgyi Albert Orvostudományi Egyetem Szeged 1998
Sorozat:Szent-Györgyi Albert Orvostudományi Egyetem : Házi Tudományos Diákköri Konferencia
Kulcsszavak:Gyógyszertan - előadáskivonat
Tárgyszavak:
Online Access:http://acta.bibl.u-szeged.hu/88461
LEADER 00989naa a2200193 i 4500
001 acta88461
005 20250910140051.0
008 250910s1998 hu o 100 hun d
040 |a SZTE Egyetemi Kiadványok Repozitórium  |b hun 
041 |a hun 
100 1 |a Szász Zsuzsanna 
245 1 2 |a A pentoxiphyllin kezelés hatása az akut nekrotizáló pancreatitis indukálta citokin termelésre (TNF, IL-6)   |h [elektronikus dokumentum] :  |b [absztrakt] /  |c  Szász Zsuzsanna 
260 |a Szent-Györgyi Albert Orvostudományi Egyetem  |b Szeged  |c 1998 
490 0 |a Szent-Györgyi Albert Orvostudományi Egyetem : Házi Tudományos Diákköri Konferencia 
650 4 |a Orvos- és egészségtudomány 
650 4 |a Általános orvostudomány 
695 |a Gyógyszertan - előadáskivonat 
711 |a Szent-Györgyi Albert Orvostudományi Egyetem : Házi Tudományos Diákköri Konferencia  |c Szeged  |d 1998. április 2-4. 
856 4 0 |u http://acta.bibl.u-szeged.hu/88461/1/szote_htdk_1998_069.pdf  |z Dokumentum-elérés